Hymenoptera Families - Statistics

General Stats
  • This quiz has been taken 12 times
  • The average score is 9 of 12
Answer Stats
Hint Answer % Correct
ants Formicidae
100%
paper wasps, hornets, yellowjackets Vespidae
100%
bees Apidae
83%
sweat bees Halictidae
83%
ichneumons Ichneumonidae
83%
leaf cutter bees Megachilidae
83%
braconid wasps Braconidae
67%
thread-waisted wasps Sphecidae
67%
common sawflies Tenthredinidae
67%
gall wasps Cynipidae
50%
velvet-ants Mutillidae
50%
horntails Siricidae
50%
No matching quizzes found
Score Distribution
Percent of People with Each Score
Percentile by Number Answered
Your Score History
You have not taken this quiz